000 01536nam a2200445 i 4500
001 30680
003 KOSZ 005
005 20250829063437.0
008 980702s1995 pl a f f |000 0 pol
015 _aPB 1996/3631
020 _a8320419476
035 _a(OCoLC)750515528
040 _aWA N
_cWA N
_dKOSZ 005/HR
046 _k1995
080 _a621.921/.924
080 _a(075.8)
100 1 _aPszczołowski, Wacław
_eAutor
245 1 0 _aObróbka ścierna narzędziami nasypowymi /
_cWacław Pszczołowski, Paweł Rosienkiewicz.
260 _aWarszawa :
_bWydawnictwa Naukowo-Techniczne,
_c1995.
300 _a488 s. :
_bfot., rys., wykr., err. ;
_c24 cm.
336 _2rdacontet
_aTekst
_btxt
337 _2rdamedia
_aBez urządzenia pośredniczącego
_bn
338 _2rdacarrier
_aWolumin
_bnc
380 _aKsiążki
380 _aPublikacje fachowe
380 _aPublikacje dydaktyczne
385 _mPoziom nauczania
_aSzkoły wyższe
388 _a1901-2000
388 _a1989-2000
504 _aBibliogr. s. 467-488. - Wykaz norm s. 488.
521 _aDla konstruktorów i technologów budowy maszyn.
658 _aInżynieria i technika
655 4 _aPodręczniki akademickie
650 4 _aSzlifowanie
650 4 _aSzlifierka
700 1 _aRosienkiewicz, Paweł
_eAutor
710 2 _aWydawnictwa Naukowo-Techniczne
_4pbl.
856 _uhttp://koha.tu.koszalin.pl/cgi-bin/koha/opac-detail.pl?biblionumber=30680
_yKatalog online BPK
942 _2UKD
_cKS
999 _c30680
_d30680